Normal view
MARC view
Entry Personal Name
001 - CONTROL NUMBER
- control field: 50494
003 - CONTROL NUMBER IDENTIFIER
- control field: ARRUPE
005 - DATE AND TIME OF LATEST TRANSACTION
- control field: 20211015102006.0
008 - FIXED-LENGTH DATA ELEMENTS
- fixed length control field: 211015|| aca||aabn | a|a d
040 ## - CATALOGING SOURCE
- Original cataloging agency: ARRUPE
- Transcribing agency: ARRUPE
100 ## - HEADING--PERSONAL NAME
- Personal name: Hohn, Franz Edward,
- Dates associated with a name: 1915-1977
670 ## - SOURCE DATA FOUND
- Source citation: Work cat.: (ARRUPE)0: Hohn, Franz Edward, 1915-1977., Applied Boolean algebra;, [1960]